| 000 | 00943nam a22002537a 4500 | ||
|---|---|---|---|
| 003 | DO-SdBNP | ||
| 005 | 20240301123749.0 | ||
| 007 | ta | ||
| 008 | 220128b2019 dr ||||| |||| 00| 0 spa d | ||
| 020 | _a9789945804928 | ||
| 040 |
_aDO-SdBNP _bspa _cBNPHU |
||
| 082 | 4 |
_a972.93053 _bV297s _222 |
|
| 100 | 1 |
_aVargas García, Ysidro, _d1967- _961449 |
|
| 245 | 1 | 3 |
_aEl secreto oculto : _bla muerte civil del jefe / _cYsidro Vargas García. |
| 260 |
_aSanto Domingo : _bPubli Prom, _bFUNDACETI, _c2019. |
||
| 300 |
_a173 p. ; _c23 cm. |
||
| 500 | _aIncluye datos biográficos del autor en la solapa de la contracubierta. | ||
| 590 | _aInventariado, 2022 /LP | ||
| 600 | 1 | 0 |
_aTrujillo Molina, Rafael Leónidas, _d1891-1961 _xMuerte _910869 |
| 650 | 1 | 4 |
_aHomicidio político _zRepública Dominicana _911383 |
| 651 | 1 | 4 |
_aRepública Dominicana _xHistoria _yEra de Trujillo, 1930-1961 |
| 910 | _aLopérez. Validado, 2022/MFF | ||
| 942 |
_2ddc _cLBS1 |
||
| 999 |
_c51258 _d51258 |
||